000 00812nam a22002537a 4500
999 _c38389
_d38389
001 8199
003 CO-MdFUSB
005 20180622073146.0
008 180427t1998 ck ||||| |||| 00| 0 spa d
040 _aCO-MdFUSB
_bspa
_cCO-MdFUSB
_dCO-MdFUSBC
_erda
041 0 _aspa
082 0 4 _aG 228.S5724i
100 1 _aSierra Díaz, Arcadio
_eautor
245 1 3 _aLa iglesia de Jesucristo
_b: Una perspectiva histótico-profética
_c / Arcadio Sierra Díaz
264 4 _aBogotá, Colombia :
_b Cristianas,
_c©1998
300 _a348 Pag
336 _2rdacontent
_atexto
_btxt
337 _2rdamedia
_asin mediación
_bn
338 _2rdacarrier
_avolumen
_bnc
650 7 _aIglesia
_956
_xHistoria
653 _aInterpretación de la Biblia N.T. - Apocalipsis
653 _aIglesia - Historia - Profecías
942 _cBK